Engineering Instrumentation and Control (Record no. 3888)
[ view plain ]
| 005 - DATE AND TIME OF LATEST TRANSACTION | |
|---|---|
| control field | 20250623121941.0 |
| 020 ## - INTERNATIONAL STANDARD BOOK NUMBER | |
| International Standard Book Number | 0 85950 571 5 |
| 082 ## - DEWEY DECIMAL CLASSIFICATION NUMBER | |
| Classification number | LM 621.381 RAM |
| 100 ## - MAIN ENTRY--PERSONAL NAME | |
| Author name | RAMSAY, D. C. |
| 245 ## - TITLE STATEMENT | |
| Title | Engineering Instrumentation and Control |
| 250 ## - EDITION STATEMENT | |
| Edition statement | 2nd Ed. |
| 260 ## - PUBLICATION, DISTRIBUTION, ETC. | |
| Place of publication, distribution, etc. | Cheltenham, |
| Name of publisher, distributor, etc. | Stanley Thornes, |
| Date of publication, distribution, etc. | 1984. |
| 300 ## - PHYSICAL DESCRIPTION | |
| Extent | ix, 250p.: ill.; figure. picture, table. |
| Other physical details | Index. |
| Dimensions | 24cm. |
| 942 ## - ADDED ENTRY ELEMENTS (KOHA) | |
| Source of classification or shelving scheme | Dewey Decimal Classification |
| Koha item type | Books |
| Date last seen | Total checkouts | Full call number | Barcode | Cost, replacement price | Price effective from | Koha item type | Lost status | Source of classification or shelving scheme | Damaged status | Not for loan | Withdrawn status | Home library | Current library | Shelving location | Date acquired | Cost, normal purchase price |
|---|---|---|---|---|---|---|---|---|---|---|---|---|---|---|---|---|
| 06/12/2025 | LM 621.381 RAM | 00000010858 | 30000.00 | 06/12/2025 | Books | Dewey Decimal Classification | College of Business Education Main Library | College of Business Education Main Library | General Collection | 06/12/1990 | 10000.00 | |||||
| 06/17/2025 | LM 621.381 RAM | 00000013107 | 30000.00 | 06/17/2025 | Books | Dewey Decimal Classification | College of Business Education Main Library | College of Business Education Main Library | General Collection | 06/12/1990 | 10000.00 |
